Central Library OPAC University of Rajshahi

Casework: a psychosocial therapy / (Record no. 5998)

MARC details
000 -LEADER
fixed length control field 00749cam a22002411 4500
001 - CONTROL NUMBER
control field 5998
003 - CONTROL NUMBER IDENTIFIER
rucl marc code BD-RjUL
005 - DATE AND TIME OF LATEST TRANSACTION
control field 20211208234152.0
008 - FIXED-LENGTH DATA ELEMENTS--GENERAL INFORMATION
fixed length control field 14 t19654964nyu b 001 0 eng
035 ## - SYSTEM CONTROL NUMBER
System control number (BD-RjUL)6037
040 ## - CATALOGING SOURCE
Original cataloging agency DLC
Transcribing agency DLC
Modifying agency BD-RjUL
-- DLC
Language of cataloging eng
041 ## - LANGUAGE CODE
Language code of text/sound track or separate title eng
082 00 - DEWEY DECIMAL CLASSIFICATION NUMBER
Classification number 361.3
Edition number 16
Author mark and year HOC 1965
100 1# - MAIN ENTRY--PERSONAL NAME
Personal name Hollis, Florence.
9 (RLIN) 18866
245 10 - TITLE STATEMENT
Title Casework: a psychosocial therapy /
Statement of responsibility, etc. by Florence Hollis ; preface by Charlotte Towle
260 ## - PUBLICATION, DISTRIBUTION, ETC. (IMPRINT)
Place of publication, distribution, etc. New York :
Name of publisher, distributor, etc. Random House,
Date of publication, distribution, etc. c1964 [printing 1965].
300 ## - PHYSICAL DESCRIPTION
Pagination xx, 300 p. ;
Size 22 cm.
504 ## - BIBLIOGRAPHY, ETC. NOTE
Bibliography, etc Includes Bibliographical reference and index.
650 #0 - SUBJECT ADDED ENTRY--TOPICAL TERM
Topical term or geographic name as entry element Social case work.
9 (RLIN) 18867
700 ## - ADDED ENTRY--PERSONAL NAME
Personal name Towle, Charlotte, prefacer
942 ## - ADDED ENTRY ELEMENTS (KOHA)
Source of classification or shelving scheme Dewey Decimal Classification
Koha item type Books
Holdings
Lost status Source of classification or shelving scheme Damaged status Not for loan Collection code Permanent Location Current Location Shelving location Date acquired Source of acquisition Cost, normal purchase price Total Checkouts Full call number Date last seen Copy number Koha item type
  Dewey Decimal Classification     Non-fiction Central Library, University of Rajshahi Central Library, University of Rajshahi   01/03/1955 U. B. D. Rajshahi 10.00   361.3 HOC 1965 08/01/2014 C-4 Books
  Dewey Decimal Classification   Not For Loan Non-fiction Central Library, University of Rajshahi Central Library, University of Rajshahi Reading Room 25/03/1955 U. B. D 10.00   361.3 HOC 1965 30/04/2014 C-1 Books
  Dewey Decimal Classification     Non-fiction Central Library, University of Rajshahi Central Library, University of Rajshahi   28/11/1966 Mirza books 0.00   361.3 HOC 1965 30/07/2016 C-2 Books
  Dewey Decimal Classification     Non-fiction Central Library, University of Rajshahi Central Library, University of Rajshahi   13/08/2018       361.3 HOC 1965 13/08/2018 C-3 Books